Sports Quiz

Random Sports or Baseball Quiz

MLB - Words Make the Man - 2014 (Clickable) Quiz Stats

 Plays Quiz not verified by Sporcle

Score 0/30 Timer 08:00
0 Plays Today
% Correct
Madison
97.4%
Pablo
93.7%
Grady
92.6%
Geovany
92.3%
Freddie
91.4%
Will
88.3%
Lyle
86.3%
Jason
83.1%
Cameron
82.9%
Lucas
82%
Austin
80.9%
Anthony
78.9%
Justin
78.9%
Josh
78.3%
Carlos
78.3%
% Correct
Matt
74%
Nolan
73.1%
Collin
72.9%
Taylor
67.7%
Ian
67.7%
Dylan
61.1%
Eli
59.7%
Jeff
58.6%
Sean
58.3%
Charlie
57.1%
Tyler
56.6%
Dana
55.7%
Gregorio
52.9%
Jose
48%
Christian
38.9%

You're not logged in!

Compare scores with friends on all Sporcle quizzes.
Join for Free
OR
Log In

You Might Also Like...

Show Comments

Extras

Top Quizzes Today


Score Distribution

Your Account Isn't Verified!

In order to create a playlist on Sporcle, you need to verify the email address you used during registration. Go to your Sporcle Settings to finish the process.

Report this User

Report this user for behavior that violates our Community Guidelines.

Details: